A Complete Course in BCA Mathematics (Record no. 1158)
[ view plain ]
| 000 -LEADER | |
|---|---|
| Fixed length control field | 00500nam a2200169 4500 |
| 003 - CONTROL NUMBER IDENTIFIER | |
| Control field | SEACOMMC |
| 005 - DATE AND TIME OF LATEST TRANSACTION | |
| Control field | 20250328121028.0 |
| 008 - FIXED-LENGTH DATA ELEMENTS--GENERAL INFORMATION | |
| Fixed length control field | 250328b |||||||| |||| 00| 0 eng d |
| 020 ## - INTERNATIONAL STANDARD BOOK NUMBER / ISBN | |
| International Standard Book Number | 81-219-3233-5 |
| Price | Rs.225.00 |
| 040 ## - CATALOGING SOURCE | |
| Original cataloging agency | SEACOMMC |
| 082 ## - DEWEY DECIMAL CLASSIFICATION NUMBER | |
| Classification number | 510.02465 |
| Book Number | S 476 |
| 100 ## - MAIN ENTRY--PERSONAL NAME | |
| Personal name | SenGupta, Juthika |
| 245 1# - TITLE STATEMENT | |
| Title | A Complete Course in BCA Mathematics |
| Statement of responsibility | Juthika SenGupta, Sovik Roy [and] Ayan Chakraborty |
| 260 ## - IMPRINT | |
| Place of publication | New Delhi |
| Name of publisher | S Chand Publishers |
| Date of publication | 2010 |
| 650 ## - SUBJECT ADDED ENTRY--TOPICAL TERM | |
| Topical term | Mathematics |
| 942 ## - ADDED ENTRY ELEMENTS (KOHA) | |
| Koha item type | Books |
| Withdrawn status | Lost status | Source of classification | Damaged status | Not for loan | Home library | Current library | Shelving location | Date acquired | Total Checkouts | Call number | Accession number | Date last seen | Price effective from | Koha item type | Copy number | Date checked out | Checked out |
|---|---|---|---|---|---|---|---|---|---|---|---|---|---|---|---|---|---|
| Dewey Decimal Classification | SEACOM MANAGEMENT COLLEGE | SEACOM MANAGEMENT COLLEGE | Reference | 11/02/2010 | 510.02465 S 476 | M-2729 | 28/03/2025 | 28/03/2025 | Reference Books | ||||||||
| Dewey Decimal Classification | SEACOM MANAGEMENT COLLEGE | SEACOM MANAGEMENT COLLEGE | 11/02/2010 | 510.02465 S 476 | M-2730 | 28/03/2025 | 28/03/2025 | Books | 1 | ||||||||
| Dewey Decimal Classification | SEACOM MANAGEMENT COLLEGE | SEACOM MANAGEMENT COLLEGE | 11/02/2010 | 1 | 510.02465 S 476 | M-2731 | 09/04/2026 | 28/03/2025 | Books | 2 | 17/03/2026 | ||||||
| Dewey Decimal Classification | SEACOM MANAGEMENT COLLEGE | SEACOM MANAGEMENT COLLEGE | 11/02/2010 | 510.02465 S 476 | M-2732 | 28/03/2025 | 28/03/2025 | Books | 3 | ||||||||
| Dewey Decimal Classification | SEACOM MANAGEMENT COLLEGE | SEACOM MANAGEMENT COLLEGE | 11/02/2010 | 510.02465 S 476 | M-2733 | 28/03/2025 | 28/03/2025 | Books | 4 | ||||||||
| Dewey Decimal Classification | SEACOM MANAGEMENT COLLEGE | SEACOM MANAGEMENT COLLEGE | 11/02/2010 | 1 | 510.02465 S 476 | M-2734 | 06/11/2025 | 28/03/2025 | Books | 5 | 06/11/2025 | 20/11/2025 | |||||
| Dewey Decimal Classification | SEACOM MANAGEMENT COLLEGE | SEACOM MANAGEMENT COLLEGE | 11/02/2010 | 1 | 510.02465 S 476 | M-2735 | 26/03/2026 | 28/03/2025 | Books | 6 | 17/03/2026 | ||||||
| Dewey Decimal Classification | SEACOM MANAGEMENT COLLEGE | SEACOM MANAGEMENT COLLEGE | 11/02/2010 | 1 | 510.02465 S 476 | M-2736 | 06/11/2025 | 28/03/2025 | Books | 7 | 06/11/2025 | 20/11/2025 |
